00984nam a2200217 a 450000100100000000500170001000800410002704000250006808200230009310000290011624500250014526000680017030000180023850001100025659000270036665000600039365000800045391000370053395201790057099900170074900003248120200930065649.0110718s1928 dr r 000 0 spa d aDO-SdBNPbspacBNPHU a394.2697293bL832d1 aLograño, Arturo95842710aDía de las madres. aSanto Domingo :bImprenta de J. R. Vda. García Suc.,c[1928]. a8p. ;c24 cm. aConferencia por radio pronunciada por el Lcdo. Arturo Logroño el día de las madres 26 de mayo de 1928 aInventariado, 2018/MFF 4aDía de las madresvENSAYOS, CONFERENCIAS, ETC.958428 4aDías festivoszRepública DominicanavENSAYOS, CONFERENCIAS, ETC.958429 aValidado. Control de calidad MFF 001050718RVaPDbPDcHDd2011-07-18iLF1l0o394.2697293 L832dp32481-10r2020-06-25w2020-06-25y1zPerteneció a la biblioteca personal de Martínez BoogZNo se presta c31972d31972